Statistics for Songs by Letter - K

Click here to take the quiz!

General Stats

  • This quiz has been taken 53 times
  • The average score is 7 of 18

Answer Stats

SongArtist% Correct
Karma ChameleonCulture Club
78%
Kiss From A RoseSeal
71%
Killing Me Softly (With His Song)Fugees
61%
KokomoThe Beach Boys
57%
KissPrince and The Revolution
51%
Killing In The NameRage Against The Machine
51%
KashmirLed Zeppelin
49%
KidsMGMT
43%
Kids In AmericaKim Wilde
41%
Kiss On My ListDaryl Hall & John Oates
39%
Karma PoliceRadiohead
39%
Keep On Loving YouREO Speedwagon
39%
Kung Fu FightingCarl Douglas
31%
KayleighMarillion
24%
KyrieMr. Mister
22%
Kiss KissChris Brown
12%
Khe SanhCold Chisel
8%
Kiss And Say GoodbyeThe Manhattans
6%

Score Distribution

Percentile by Number Answered

Percent of People with Each Score

Your Score History

You have not taken this quiz